00370nam a2200145Ia 4500008004100000020001500041041001200056082001600068100001300084245006700097260002500164300000800189650001400197700001300211221030s9999 xx 000 0 und d a8120322932 aEnglish a105.23bSmi aB. Smith 0aMicrosoft Windows Security Resource Kitcby B. Smith, B. Komar bPHIaNew Delhic2003 a678 aComputers aB. Komar